Lezioni di storia del pensiero teorico-giuridico moderno

Salvato in:
Dettagli Bibliografici
Autore principale: Orrù, Giovanni (autore)
Natura: Libro
Lingua:italiano
Pubblicazione: Turín G. Giappichelli 1988
Soggetti:
Tags: Aggiungi Tag
Nessun Tag, puoi essere il primo ad aggiungerne!!

MARC

LEADER 00000nam a2200000 a 4500
001 UCV2765
003 CL-VaPUC
008 921104e19880000IT |||||||||||||||||ita|d
082 0 4 |a 340.1  |b ORR  |2 21 
100 |a Orrù, Giovanni  |e autore  |9 297028 
245 1 0 |a Lezioni di storia del pensiero teorico-giuridico moderno 
300 |a 209 p 
942 |c BK 
945 |d 19921104 00:00:00 
260 |a Turín  |b G. Giappichelli  |c 1988 
650 0 |a Filosofía del derecho   |9 255050 
650 7 |a DERECHO HISTORIA  |2 CL-VaPUC  |9 255119 
583 |a last modification  |c 19921104 00:00:00  |k Rodrigo Vera 
999 |c 210253  |d 210251 
952 |0 0  |1 0  |4 0  |6 340_100000000000000_ORR_1988  |7 0  |8 DER_HIS  |9 186353  |a BIBDER  |b BIBDER  |d 2019-11-14  |i 2538326  |o 340.1 ORR 1988  |p 2538326  |r 2019-11-14  |w 2019-11-14  |x Ubicación 4to Piso  |y BK  |z Estos recursos deben solicitarse con anticipación  |k DER